000 00550cam a2200193ua 4500
001 859
008 110421n ii |||gr||||Z||||||eng
020 _a81-219-0565-6
040 _cMAIN
082 _a342.02954
245 1 _aConstitutional developement and national movement of India.
_cBy R C Agarwal.
250 _a12th.
260 _aNew Delhi.:
_bS-chand.,997.
300 _axv, 448 p.:
_c25 cm.
653 _aPolitical science.
653 _aConstitutional developement and national movement of India.
700 1 _aAgarwal, R C.,
942 _cBK
999 _c782
_d782